banner koha

Saprophytic fungus collection by africanized bees in Brazil (Registro n. 221398)

MARC details
000 -LÍDER
campo de controle de tamanho fixo 00981nas a2200325 4500
001 - NÚMERO DE CONTROLE
campo de controle BR2012005995
003 - IDENTIFICADOR DO NÚMERO DE CONTROLE
campo de controle BR-BrBNA
005 - DATA E HORÁRIO DA ÚLTIMA TRANSAÇÃO
campo de controle 20231205121011.0
007 - CAMPO FIXO DE DESCRIÇÃO FÍSICA--INFORMAÇÃO GERAL
campo de controle de tamanho fixo ta
008 - CAMPO DE DADOS FIXOS--INFORMAÇÃO GERAL
campo de controle de tamanho fixo 230509b bl.|||p| |||| 00| 00por d
040 ## - FONTE DA CATALOGAÇÃO
Instituição da catalogação original BR-BrBNA
Idioma da catalogação por
Instituição que transcreveu o registro Biblioteca Nacional de Agricultura
041 ## - CÓDIGO DE IDIOMA
Código do idioma do texto/trilha sonora ou título diferente (En)
072 ## - CÓDIGO DE CATEGORIA DE ASSUNTO
Código de Categoria de Assunto L20; L51
100 1# - ENTRADA PRINCIPAL--NOME PESSOAL
Nome pessoal Modro, A.F.H.
100 1# - ENTRADA PRINCIPAL--NOME PESSOAL
Nome pessoal Silva, I.C.
100 1# - ENTRADA PRINCIPAL--NOME PESSOAL
Nome pessoal Message, D.
100 1# - ENTRADA PRINCIPAL--NOME PESSOAL
Nome pessoal Luz, C.F.P
245 1# - TÍTULO
Título Saprophytic fungus collection by africanized bees in Brazil
246 1# - FORMA VARIANTE DO TÍTULO
Título/título abreviado Saprophytic fungus collection by africanized bees in Brazil
650 ## - ASSUNTO--TERMO TÓPICO
Cabeçalho tópico ou nome geográfico ABELHA
650 ## - ASSUNTO--TERMO TÓPICO
Cabeçalho tópico ou nome geográfico COMPORTAMENTO ANIMAL
650 ## - ASSUNTO--TERMO TÓPICO
Cabeçalho tópico ou nome geográfico CONDIÇÃO AMBIENTAL
650 ## - ASSUNTO--TERMO TÓPICO
Cabeçalho tópico ou nome geográfico NUTRIÇÃO ANIMAL
650 ## - ASSUNTO--TERMO TÓPICO
Cabeçalho tópico ou nome geográfico FUNGO
650 ## - ASSUNTO--TERMO TÓPICO
Cabeçalho tópico ou nome geográfico ALIMENTO ALTERNATIVO
650 ## - ASSUNTO--TERMO TÓPICO
Cabeçalho tópico ou nome geográfico PROTEÍNA
773 0# - ENTRADA ANALÍTICA
Título Neotropical Entomology (Brazil)
ISSN - International Standard Serial Number ISSN 1519-566X
Partes relacionadas (May-Jun 2009), v. 38(3) p. 434-436
Número de controle do registro BR2012005995
909 ## -
-- 202311
-- Lúcia
-- 55
-- Lúcia Elande
942 ## - ELEMENTOS DE ENTRADA ADICIONADOS (KOHA)
Fonte da classificação ou esquema de arquivamento na estante Classificação AGRIS
Ocultar no OPAC Não
Tipo de material Koha Analítica
Exemplares
Situação do descarte Fonte da classificação ou esquema de arquivamento na estante Situação física Não pode ser emprestado Biblioteca de origem Biblioteca atual Localização na estante Enumeração do periódico / cronologia Total de empréstimos Data de último acesso Número do exemplar Tipo de material Koha Fonte de aquisição
  Classificação AGRIS   Consulta local Biblioteca Nacional de Agricultura - Binagri Biblioteca Nacional de Agricultura - Binagri   (May-Jun 2009), v. 38(3) p. 434-436   29/11/2023 01 Periódicos Portaria Interministerial nº 164/94

BINAGRI

Telefone: (61)3218-2567/2388/3357/2097 - binagri@agro.gov.br

Ministério da Agricultura e Pecuária , Esplanada dos Ministérios, Bloco D, Anexo B, Brasília/DF, CEP: 70.043-900